Endangered Animals - Statistics

General Stats
  • This quiz has been taken 37 times
  • The average score is 10 of 12
Answer Stats
Picture Answer % Correct
Polar Bear
100%
Butterfly
91%
Elephant
85%
Panda
85%
Tiger
85%
Zebra
85%
Orangutan
82%
Blue Whale
79%
Chimpanzee
79%
Komodo Dragon
74%
Snow Leopard
74%
African Wild Dog
38%
No matching quizzes found
Score Distribution
Percent of People with Each Score
Percentile by Number Answered
Your Score History
You have not taken this quiz